000 00592nam a22002177a 4500
003 OSt
005 20140310183006.0
008 130211t xxu||||| |||| 00| 0 eng d
020 _a9712717216
050 _aPN 4756
_b.Sa59 2005
082 _aPN4756
_b.Sa59 2005
100 _aSantos, Vergel O.
245 _aWorse than free :
_bessays on journalism ethics and other media issues /
_cVergel O. Santos.
260 _aPasig City :
_bAnvil,
_c2005.
300 _a381 p. :
_c23 cm.
521 _aMC
562 _e1
650 _aJournalism
942 _2lcc
_cBK
_kFOR
999 _c18175
_d18175